Secular Countries - Sudden Death - Statistics

General Stats
  • This quiz has been taken 109 times
  • The average score is 4 of 20
Answers on the Grid
Answers color-coded by a green-red scale on the quiz's grid according to % correct below.
Tunisia
Panama
South Africa
Italy
Australia
Russia
Taiwan
Kazakhstan
Spain
Canada
Turkey
Nepal
India
Poland
Sweden
Indonesia
Nigeria
Ethiopia
Serbia
Portugal
Iceland
Denmark
United Arab Emirates
Cambodia
Sri Lanka
Monaco
Somalia
Morocco
Greece
Myanmar
 
Answer Stats
Answer % Correct
Australia
44%
Canada
38%
Sweden
29%
Spain
27%
Turkey
27%
India
25%
South Africa
25%
Russia
21%
Taiwan
21%
Italy
19%
Panama
17%
Poland
17%
Portugal
17%
Ethiopia
13%
Kazakhstan
13%
Nigeria
10%
Serbia
10%
Nepal
8%
Tunisia
8%
Indonesia
4%
No matching quizzes found
Score Distribution
Percent of People with Each Score
Percentile by Number Answered
Your Score History
You have not taken this quiz